000 00599nam a22002417a 4500
003 UA-OsUOA
001 34214
007 ta
008 20050926b un ||||| |||| 00| 0 ukr d
100 _aКривцов В.
090 _a821.161.1
_bК82
942 _cBK
040 _aUA-OsUOA
_brus
_cUA-OsUOA
_dUA-OsUOA
245 _aОтец Иакинф
_bроман
300 _a632 с.
955 _a3
041 _arus
080 _a821.161.1
020 _a280-00201-1
260 _aЛенинград
_bХудожественая литература
_c1988
650 7 _2UDC
999 _c320646
_d320646